000 00689cam a22002413a 4500
001 31097
003 PGUSA
005 20140828083655.0
008 100127s2010||||xxu|||||s|||||000 | eng d
040 _aPGUSA
_beng
042 _adc
050 4 _aLB
100 1 _aWiggin, Kate Douglas Smith,
_d1856-1923
245 1 0 _aFroebel's Gifts
_h[electronic resource] /
_cKate Douglas Smith Wiggin
260 _bProject Gutenberg,
_c2010
506 _aPublic domain in the USA.
516 _aElectronic text
653 _aKindergarten
653 _aKindergarten -- Methods and manuals
830 0 _aProject Gutenberg
_v31097
856 4 0 _uhttp://www.gutenberg.org/ebooks/31097
942 _cEB
999 _c260352
_d260352